burnt toast - cooking stuff - Statistics

General Stats
  • This quiz has been taken 82 times
  • The average score is 8 of 12
Answer Stats
Recipe Answer % Correct
tomato sauce, italian noodles, meatballs spaghetti
90%
dough, tomato sauce, and toppings pizza
87%
sugar, butter, flour, and egg cake or cookies
80%
tortilla, beef, sour cream, lettuce, and cheese taco
80%
sticks of potatoes, salt, and oil french fries
78%
kernels, oil, and salt popcorn
75%
bread, tomatoes, ham, cheese, lettuce sandwich
70%
apple, flour, milk, butter, salt, sugar, and cinnamon apple pie
68%
beef steak
63%
spud, masher, salt, and gravy(possibly) mashed potatoes
62%
rice, carrots, egg, seasoning egg fried rice
35%
dough covering, meat, and (possibly)vegetables dumplings
10%
No matching quizzes found
Score Distribution
Percent of People with Each Score
Percentile by Number Answered
Your Score History
You have not taken this quiz